Normal view
MARC view
- Child psychotherapy.
Entry Topical Term
001 - CONTROL NUMBER
- control field: 53203
003 - CONTROL NUMBER IDENTIFIER
- control field: OSt
005 - DATE AND TIME OF LATEST TRANSACTION
- control field: 20240223141510.0
008 - FIXED-LENGTH DATA ELEMENTS
- fixed length control field: 240223|| aca||aabn | a|a d
040 ## - CATALOGING SOURCE
- Original cataloging agency: OSt
- Transcribing agency: OSt
150 ## - HEADING--TOPICAL TERM
- Topical term or geographic name entry element: Child psychotherapy.
670 ## - SOURCE DATA FOUND
- Source citation: Work cat.: (OSt): Jongsma, Arthur E., Jr. 53202, The child psychotherapy treatment planner /, ©2023.
